[Event "European Individual Chess Championship 2017"]
[Site "?"]
[Date "2017.06.09"]
[Round "10.28"]
[White "Lenic, Luka"]
[Black "Paichadze, Luka"]
[Result "1-0"]
[BlackElo "2568"]
[WhiteElo "2641"]
[LiveChessVersion "1.4.8"]

1. d4 {[%clk 1:30:58]} Nf6 {[%clk 1:30:48]} 2. c4 {[%clk 1:31:17]} e6
{[%clk 1:30:45]} 3. Nf3 {[%clk 1:31:41]} Bb4+ {[%clk 1:30:27]} 4. Nbd2
{[%clk 1:31:54]} b6 {[%clk 1:30:20]} 5. a3 {[%clk 1:32:18]} Bxd2+
{[%clk 1:30:47]} 6. Qxd2 {[%clk 1:32:43]} Bb7 {[%clk 1:31:00]} 7. e3
{[%clk 1:33:00]} a5 {[%clk 1:31:04]} 8. b3 {[%clk 1:33:19]} O-O 9. Be2
{[%clk 1:32:40]} d5 {[%clk 1:31:45]} 10. O-O {[%clk 1:28:33]} Nbd7
{[%clk 1:32:03]} 11. Bb2 {[%clk 1:22:07]} c5 {[%clk 1:32:15]} 12. Rfd1
{[%clk 1:18:12]} Rc8 {[%clk 1:31:08]} 13. Ne5 {[%clk 1:08:15]} Qe7
{[%clk 1:23:39]} 14. Nxd7 {[%clk 1:06:59]} Nxd7 {[%clk 1:23:50]} 15. Rac1
{[%clk 0:49:12]} Rfd8 {[%clk 1:22:26]} 16. Bf1 {[%clk 0:45:37]} Qf8
{[%clk 1:19:31]} 17. Qc2 {[%clk 0:38:41]} cxd4 {[%clk 1:12:31]} 18. Rxd4 e5
{[%clk 0:58:50]} 19. Rdd1 {[%clk 0:35:26]} dxc4 {[%clk 0:51:40]} 20. Qf5
{[%clk 0:35:29]} g6 {[%clk 0:51:41]} 21. Qg4 {[%clk 0:24:35]} Nf6
{[%clk 0:40:29]} 22. Qh4 {[%clk 0:22:46]} c3 {[%clk 0:30:52]} 23. Rxd8
{[%clk 0:19:56]} Qxd8 {[%clk 0:30:10]} 24. Rxc3 {[%clk 0:19:00]} Rxc3
{[%clk 0:24:23]} 25. Bxc3 {[%clk 0:19:27]} Qc7 {[%clk 0:22:32]} 26. Qxf6
{[%clk 0:18:15]} Qxc3 {[%clk 0:22:57]} 27. Qxb6 {[%clk 0:18:22]} Be4
{[%clk 0:23:22]} 28. b4 {[%clk 0:13:29]} a4 {[%clk 0:22:14]} 29. Qd6
{[%clk 0:13:44]} Qa1 {[%clk 0:15:51]} 30. b5 {[%clk 0:13:02]} Kg7
{[%clk 0:16:18]} 31. f3 {[%clk 0:07:03]} Bc2 {[%clk 0:16:44]} 32. b6
{[%clk 0:06:25]} Qc3 {[%clk 0:15:36]} 33. b7 {[%clk 0:04:28]} Qxe3+
{[%clk 0:16:00]} 34. Kh1 {[%clk 0:04:56]} Qe1 {[%clk 0:16:22]} 35. Qa6
{[%clk 0:04:53]} Qb1 {[%clk 0:15:00]} 36. Qb5 {[%clk 0:05:12]} 1-0

[Event "European Individual Chess Championship 2017"]
[Site "?"]
[Date "2017.06.09"]
[Round "10.29"]
[White "Bocharov, Dmitry"]
[Black "Kuzubov, Yuriy"]
[Result "0-1"]
[BlackElo "2637"]
[WhiteElo "2574"]
[LiveChessVersion "1.4.8"]

1. c4 {[%clk 1:27:47]} e5 {[%clk 1:30:54]} 2. d3 {[%clk 1:25:28]} Nf6
{[%clk 1:26:03]} 3. Nf3 {[%clk 1:25:48]} Nc6 {[%clk 1:26:29]} 4. a3
{[%clk 1:26:08]} g6 {[%clk 1:20:31]} 5. g3 {[%clk 1:22:32]} Bg7 {[%clk 1:20:55]}
6. Nc3 {[%clk 1:20:42]} h6 {[%clk 1:21:13]} 7. Bg2 {[%clk 1:14:46]} O-O
{[%clk 1:21:11]} 8. O-O {[%clk 1:15:10]} d6 {[%clk 1:21:29]} 9. b4
{[%clk 1:11:16]} a6 {[%clk 1:14:10]} 10. Bb2 {[%clk 1:04:48]} Be6
{[%clk 1:14:06]} 11. Rc1 {[%clk 1:04:31]} Qd7 {[%clk 0:57:55]} 12. e4
{[%clk 0:54:33]} Bg4 {[%clk 0:40:40]} 13. Ne2 {[%clk 0:54:06]} Nh7
{[%clk 0:31:36]} 14. Nd2 {[%clk 0:46:03]} Ng5 {[%clk 0:24:27]} 15. h4
{[%clk 0:32:31]} Nh7 {[%clk 0:20:01]} 16. Kh2 {[%clk 0:29:33]} Qe7
{[%clk 0:17:23]} 17. Nb3 {[%clk 0:27:23]} Bd7 {[%clk 0:06:17]} 18. d4
{[%clk 0:26:39]} exd4 {[%clk 0:04:27]} 19. Nbxd4 {[%clk 0:22:17]} Ne5
{[%clk 0:04:51]} 20. c5 {[%clk 0:20:06]} dxc5 {[%clk 0:04:21]} 21. Rxc5
{[%clk 0:19:47]} c6 {[%clk 0:04:06]} 22. Rc1 {[%clk 0:16:56]} b5 {[%clk 0:02:25]}
23. Rc5 {[%clk 0:13:14]} Nf6 {[%clk 0:01:16]} 24. Qc2 {[%clk 0:12:45]} Nc4
{[%clk 0:01:26]} 25. Bc1 {[%clk 0:12:49]} Rfe8 {[%clk 0:01:16]} 26. Nxc6
{[%clk 0:11:25]} Bxc6 {[%clk 0:01:12]} 27. Rxc6 {[%clk 0:11:53]} Qd7
{[%clk 0:00:39]} 28. Rc5 {[%clk 0:11:29]} Bf8 {[%clk 0:01:03]} 29. Kg1
{[%clk 0:07:16]} Bxc5 {[%clk 0:01:27]} 30. bxc5 {[%clk 0:07:42]} Rac8
{[%clk 0:01:02]} 31. Rd1 {[%clk 0:04:06]} Qe7 {[%clk 0:01:13]} 32. c6
{[%clk 0:03:49]} Rxc6 {[%clk 0:01:26]} 33. e5 {[%clk 0:02:37]} Rcc8
{[%clk 0:01:08]} 34. exf6 {[%clk 0:01:52]} Qxe2 {[%clk 0:01:34]} 35. Qxe2
{[%clk 0:02:12]} Rxe2 {[%clk 0:02:01]} 36. Bxh6 {[%clk 0:02:27]} Nxa3
{[%clk 0:01:25]} 37. Rd7 {[%clk 0:02:13]} Re6 {[%clk 0:00:54]} 38. Bb7
{[%clk 0:01:38]} Rce8 {[%clk 0:00:58]} 39. Bg5 {[%clk 0:01:33]} Nc4
{[%clk 0:00:47]} 40. Kg2 {[%clk 0:30:55]} Ne5 {[%clk 0:30:34]} 41. Rc7
{[%clk 0:31:13]} Ng4 {[%clk 0:23:08]} 42. Bd5 {[%clk 0:24:48]} Nxf6
{[%clk 0:21:41]} 43. Bxe6 {[%clk 0:24:57]} Rxe6 {[%clk 0:22:08]} 44. Kf3
{[%clk 0:24:45]} Nd5 {[%clk 0:20:11]} 45. Rb7 {[%clk 0:18:16]} Nb4
{[%clk 0:05:44]} 46. Bd2 {[%clk 0:14:36]} Nc6 {[%clk 0:03:15]} 47. Bc3
{[%clk 0:14:57]} Ne5+ {[%clk 0:02:16]} 48. Kf4 {[%clk 0:15:04]} f6
{[%clk 0:01:59]} 49. g4 {[%clk 0:14:03]} Nd3+ {[%clk 0:02:06]} 50. Kf3
{[%clk 0:14:10]} Rc6 {[%clk 0:02:16]} 51. Bd4 {[%clk 0:13:51]} Ne5+
{[%clk 0:01:51]} 52. Bxe5 {[%clk 0:10:05]} fxe5 {[%clk 0:02:15]} 53. g5
{[%clk 0:08:16]} Rc8 {[%clk 0:00:47]} 54. Ke4 {[%clk 0:08:31]} a5
{[%clk 0:00:36]} 55. Rxb5 {[%clk 0:07:45]} Ra8 {[%clk 0:01:04]} 56. Rb6
{[%clk 0:07:56]} Kf7 {[%clk 0:01:13]} 57. Rb7+ {[%clk 0:05:00]} Kf8
{[%clk 0:01:40]} 58. Kxe5 {[%clk 0:04:41]} a4 {[%clk 0:02:08]} 59. Rb2
{[%clk 0:04:32]} Ke7 {[%clk 0:02:17]} 60. Kd5 {[%clk 0:03:41]} a3
{[%clk 0:02:04]} 61. Ra2 {[%clk 0:03:46]} Ra4 {[%clk 0:01:51]} 62. f4
{[%clk 0:03:32]} Kf7 {[%clk 0:01:01]} 63. Kd6 {[%clk 0:03:27]} Ra5
{[%clk 0:01:12]} 64. Kd7 {[%clk 0:03:05]} Ra6 {[%clk 0:01:20]} 65. Kc7
{[%clk 0:00:42]} Ke6 {[%clk 0:01:44]} 66. Kb7 {[%clk 0:00:48]} Ra4
{[%clk 0:02:06]} 67. Kb6 {[%clk 0:01:10]} Kf5 {[%clk 0:02:00]} 68. Kb5
{[%clk 0:01:24]} Ra8 {[%clk 0:00:59]} 69. Kc4 {[%clk 0:01:07]} Ra7
{[%clk 0:00:43]} 70. Kd4 {[%clk 0:00:51]} Kxf4 {[%clk 0:00:53]} 71. h5
{[%clk 0:00:52]} gxh5 {[%clk 0:01:20]} 72. g6 {[%clk 0:01:15]} h4
{[%clk 0:01:13]} 73. Ra1 {[%clk 0:00:41]} h3 {[%clk 0:01:22]} 74. Rf1+
{[%clk 0:00:36]} Kg5 {[%clk 0:01:46]} 75. Rg1+ {[%clk 0:00:36]} Kf6
{[%clk 0:02:04]} 76. Kc3 {[%clk 0:00:31]} a2 {[%clk 0:02:05]} 77. Ra1
{[%clk 0:00:40]} Kxg6 {[%clk 0:02:29]} 78. Kb2 {[%clk 0:01:02]} Kh5
{[%clk 0:02:53]} 0-1

[Event "European Individual Chess Championship 2017"]
[Site "?"]
[Date "2017.06.09"]
[Round "10.30"]
[White "Svane, Rasmus"]
[Black "Bluebaum, Matthias"]
[Result "0-1"]
[BlackElo "2632"]
[WhiteElo "2573"]
[LiveChessVersion "1.4.8"]

1. c4 {[%clk 1:30:21]} e6 {[%clk 1:30:49]} 2. g3 {[%clk 1:30:09]} d5
{[%clk 1:30:06]} 3. Bg2 {[%clk 1:30:34]} Nf6 {[%clk 1:29:02]} 4. d4
{[%clk 1:30:59]} dxc4 {[%clk 1:25:03]} 5. Nf3 {[%clk 1:29:59]} Nc6
{[%clk 1:23:21]} 6. Qa4 {[%clk 1:27:18]} Bb4+ {[%clk 1:21:54]} 7. Bd2
{[%clk 1:27:42]} Nd5 {[%clk 1:22:18]} 8. Qb5 {[%clk 1:07:09]} Bxd2+
{[%clk 1:18:52]} 9. Nbxd2 {[%clk 1:07:08]} c3 {[%clk 1:18:59]} 10. bxc3
{[%clk 1:07:33]} Nxc3 {[%clk 1:19:15]} 11. Qd3 {[%clk 1:07:39]} Nd5
{[%clk 1:18:08]} 12. O-O {[%clk 1:08:02]} O-O {[%clk 1:17:49]} 13. Rfc1
{[%clk 1:08:14]} Rb8 {[%clk 1:07:18]} 14. Rab1 {[%clk 1:02:04]} Bd7
{[%clk 1:03:20]} 15. Ne4 {[%clk 0:51:24]} Nce7 {[%clk 0:34:21]} 16. Neg5
{[%clk 0:22:48]} Nf6 {[%clk 0:29:48]} 17. Ne5 {[%clk 0:20:13]} b6
{[%clk 0:16:24]} 18. Ng4 {[%clk 0:15:34]} Ng6 {[%clk 0:14:59]} 19. Nxf6+
{[%clk 0:15:30]} gxf6 {[%clk 0:14:26]} 20. Ne4 {[%clk 0:14:54]} f5
{[%clk 0:14:35]} 21. Nd2 {[%clk 0:15:03]} Bc8 {[%clk 0:13:58]} 22. Nc4
{[%clk 0:13:24]} Ba6 {[%clk 0:12:31]} 23. Qa3 {[%clk 0:11:05]} Bxc4
{[%clk 0:10:51]} 24. Rxc4 {[%clk 0:11:33]} c5 {[%clk 0:07:47]} 25. dxc5
{[%clk 0:10:36]} bxc5 {[%clk 0:08:04]} 26. Rbc1 {[%clk 0:09:34]} Qe7
{[%clk 0:06:03]} 27. Rxc5 {[%clk 0:08:41]} Rfd8 {[%clk 0:05:48]} 28. Qc3
{[%clk 0:08:21]} Rd7 {[%clk 0:05:02]} 29. h4 {[%clk 0:08:18]} Rbd8
{[%clk 0:03:53]} 30. Bf3 {[%clk 0:04:59]} Nf8 {[%clk 0:03:08]} 31. e4
{[%clk 0:04:54]} Rd3 {[%clk 0:02:47]} 32. Qb2 {[%clk 0:01:53]} Rxf3
{[%clk 0:03:05]} 33. Rc7 {[%clk 0:02:07]} Qd6 {[%clk 0:01:54]} 34. Qf6
{[%clk 0:01:31]} fxe4 {[%clk 0:01:39]} 35. Qg5+ {[%clk 0:02:00]} Kh8
{[%clk 0:01:30]} 36. Rc8 {[%clk 0:02:29]} Rxc8 {[%clk 0:01:13]} 37. Rxc8
{[%clk 0:02:57]} Rf5 {[%clk 0:01:04]} 38. Qe3 {[%clk 0:02:38]} Kg8
{[%clk 0:01:12]} 39. Qe2 {[%clk 0:01:11]} h5 {[%clk 0:01:00]} 0-1

[Event "European Individual Chess Championship 2017"]
[Site "?"]
[Date "2017.06.09"]
[Round "10.31"]
[White "Gelashvili, Tamaz"]
[Black "Yilmaz, Mustafa"]
[Result "0-1"]
[BlackElo "2630"]
[WhiteElo "2563"]
[LiveChessVersion "1.4.8"]

1. e4 {[%clk 1:30:57]} c5 {[%clk 1:29:30]} 2. b3 {[%clk 1:31:20]} g6
{[%clk 1:29:44]} 3. Bb2 {[%clk 1:31:44]} Nf6 {[%clk 1:30:10]} 4. e5
{[%clk 1:32:07]} Nd5 {[%clk 1:30:36]} 5. Nc3 {[%clk 1:32:30]} Nxc3
{[%clk 1:30:56]} 6. Bxc3 {[%clk 1:32:55]} Bg7 {[%clk 1:30:14]} 7. h4
{[%clk 1:33:15]} O-O {[%clk 1:11:39]} 8. h5 {[%clk 1:32:45]} d5 {[%clk 1:10:23]}
9. f4 {[%clk 1:31:00]} Nc6 {[%clk 1:08:48]} 10. Nf3 {[%clk 1:28:56]} Bg4
{[%clk 0:55:13]} 11. h6 {[%clk 1:13:13]} Bh8 {[%clk 0:55:23]} 12. Rh4
{[%clk 1:09:50]} Qd7 {[%clk 0:52:10]} 13. Bb5 {[%clk 0:48:31]} Rac8
{[%clk 0:41:56]} 14. Qe2 {[%clk 0:47:45]} a6 {[%clk 0:40:18]} 15. Bxc6
{[%clk 0:44:02]} Rxc6 {[%clk 0:40:44]} 16. d3 {[%clk 0:39:03]} Qf5
{[%clk 0:36:01]} 17. g3 {[%clk 0:28:59]} d4 {[%clk 0:25:18]} 18. Bd2
{[%clk 0:29:22]} Bxf3 {[%clk 0:24:54]} 19. Qxf3 {[%clk 0:29:16]} Bxe5
{[%clk 0:24:50]} 20. g4 {[%clk 0:28:10]} Qf6 {[%clk 0:25:05]} 21. Rh3
{[%clk 0:27:05]} Bd6 {[%clk 0:23:36]} 22. O-O-O {[%clk 0:27:17]} Rfc8
{[%clk 0:23:40]} 23. Kb1 {[%clk 0:26:27]} b5 {[%clk 0:22:04]} 24. f5
{[%clk 0:26:39]} c4 {[%clk 0:21:20]} 25. fxg6 {[%clk 0:23:16]} hxg6
{[%clk 0:17:45]} 26. h7+ {[%clk 0:20:16]} Kh8 {[%clk 0:18:01]} 27. Qd5
{[%clk 0:19:44]} Rc5 {[%clk 0:12:40]} 28. Qh1 {[%clk 0:18:43]} cxb3
{[%clk 0:12:33]} 29. cxb3 {[%clk 0:19:07]} Rc2 {[%clk 0:11:00]} 30. Rc1
{[%clk 0:10:38]} Rxc1+ {[%clk 0:10:11]} 31. Bxc1 {[%clk 0:11:07]} Qf2
{[%clk 0:07:42]} 32. Bb2 {[%clk 0:11:32]} Qc2+ {[%clk 0:07:12]} 33. Ka1
{[%clk 0:12:01]} Be5 {[%clk 0:06:59]} 34. Qf3 {[%clk 0:11:27]} f6
{[%clk 0:05:10]} 35. Rh1 {[%clk 0:09:37]} Qc6 {[%clk 0:05:29]} 36. Qh3
{[%clk 0:09:24]} Qd5 {[%clk 0:05:12]} 37. g5 {[%clk 0:08:22]} Rc7
{[%clk 0:02:47]} 38. Re1 {[%clk 0:06:40]} a5 {[%clk 0:02:02]} 39. Qh6 Qf7
{[%clk 0:02:00]} 40. Qh1 {[%clk 0:35:28]} Qe8 {[%clk 0:31:03]} 41. Qd5
{[%clk 0:34:02]} Kxh7 {[%clk 0:24:03]} 42. a3 {[%clk 0:25:41]} Rc6
{[%clk 0:10:46]} 43. Rxe5 {[%clk 0:22:56]} fxe5 {[%clk 0:10:38]} 44. Qxe5
{[%clk 0:23:20]} Qf8 {[%clk 0:05:56]} 45. Qxd4 {[%clk 0:23:18]} Rd6
{[%clk 0:03:30]} 46. Qe5 {[%clk 0:20:04]} a4 {[%clk 0:03:58]} 47. b4
{[%clk 0:17:36]} Kg8 {[%clk 0:04:15]} 48. Qxb5 {[%clk 0:17:11]} Qa8
{[%clk 0:01:09]} 49. Qc4+ {[%clk 0:11:45]} Qd5 {[%clk 0:01:38]} 50. b5
{[%clk 0:07:39]} Qxc4 {[%clk 0:01:23]} 51. dxc4 {[%clk 0:08:07]} Kf7
{[%clk 0:01:02]} 52. Bc3 {[%clk 0:06:10]} Ke6 {[%clk 0:01:03]} 53. Kb2
{[%clk 0:06:24]} Rd3 {[%clk 0:00:35]} 54. Kc2 {[%clk 0:06:45]} Rf3
{[%clk 0:00:54]} 55. c5 {[%clk 0:03:46]} Rf8 {[%clk 0:00:33]} 56. c6
{[%clk 0:02:58]} Rb8 {[%clk 0:00:35]} 57. c7 {[%clk 0:02:42]} Rf8
{[%clk 0:01:04]} 58. Bg7 {[%clk 0:01:58]} Re8 {[%clk 0:01:02]} 59. Kc3
{[%clk 0:01:52]} Kd6 {[%clk 0:01:15]} 60. b6 {[%clk 0:02:01]} Kc6
{[%clk 0:01:23]} 61. Bd4 {[%clk 0:02:26]} Kb7 {[%clk 0:01:33]} 62. Bc5
{[%clk 0:01:42]} e5 {[%clk 0:01:45]} 63. Kb4 {[%clk 0:00:41]} e4 {[%clk 0:02:02]}
64. Be3 {[%clk 0:01:01]} Rf8 {[%clk 0:02:23]} 65. Kc4 {[%clk 0:00:34]} Rf1
{[%clk 0:02:41]} 66. Bc5 {[%clk 0:00:32]} Rd1 {[%clk 0:01:41]} 67. Kb5
{[%clk 0:00:56]} Rd5 {[%clk 0:01:20]} 68. Kc4 {[%clk 0:01:12]} Rxg5
{[%clk 0:01:42]} 69. Be3 {[%clk 0:01:39]} Rg2 {[%clk 0:01:21]} 70. Kd5
{[%clk 0:01:45]} Ra2 {[%clk 0:01:22]} 71. Bc5 {[%clk 0:01:42]} e3
{[%clk 0:00:54]} 72. Bxe3 {[%clk 0:02:00]} Rxa3 {[%clk 0:01:19]} 73. Bc5
{[%clk 0:02:17]} Rb3 {[%clk 0:01:01]} 74. Ke6 {[%clk 0:02:32]} Kc8
{[%clk 0:00:55]} 75. Kd6 {[%clk 0:01:36]} a3 {[%clk 0:01:14]} 76. Kc6
{[%clk 0:02:04]} a2 {[%clk 0:01:30]} 77. Bd4 {[%clk 0:02:32]} g5 {[%clk 0:01:48]}
0-1

[Event "European Individual Chess Championship 2017"]
[Site "?"]
[Date "2017.06.09"]
[Round "10.32"]
[White "Kunin, Vitaly"]
[Black "Fedorchuk, Sergey A."]
[Result "1-0"]
[BlackElo "2621"]
[WhiteElo "2551"]
[LiveChessVersion "1.4.8"]

1. c4 {[%clk 1:30:51]} Nf6 {[%clk 1:21:40]} 2. Nc3 {[%clk 1:31:09]} e5
{[%clk 1:20:47]} 3. g3 {[%clk 1:31:30]} Bc5 {[%clk 1:19:22]} 4. Bg2
{[%clk 1:31:29]} Nc6 {[%clk 1:17:37]} 5. e3 {[%clk 1:30:53]} d6 {[%clk 1:14:24]}
6. a3 {[%clk 1:28:42]} a6 {[%clk 1:14:03]} 7. b4 {[%clk 1:27:50]} Ba7
{[%clk 1:13:54]} 8. Bb2 {[%clk 1:27:25]} O-O {[%clk 1:06:18]} 9. Nge2
{[%clk 1:24:54]} Re8 {[%clk 1:04:57]} 10. O-O {[%clk 1:24:06]} Bf5
{[%clk 1:03:20]} 11. d3 {[%clk 1:08:18]} Qd7 {[%clk 0:59:45]} 12. Nd5
{[%clk 1:04:51]} Nxd5 {[%clk 0:57:23]} 13. cxd5 {[%clk 1:05:14]} Ne7
{[%clk 0:57:47]} 14. Rc1 {[%clk 1:01:59]} Bh3 {[%clk 0:54:19]} 15. Bxh3
{[%clk 0:59:39]} Qxh3 {[%clk 0:54:42]} 16. e4 {[%clk 0:52:31]} c6
{[%clk 0:52:34]} 17. dxc6 {[%clk 0:52:46]} Nxc6 {[%clk 0:52:31]} 18. Kh1
{[%clk 0:51:28]} Rad8 {[%clk 0:50:38]} 19. Qb3 {[%clk 0:48:05]} h5
{[%clk 0:41:59]} 20. Ng1 {[%clk 0:40:45]} Qg4 {[%clk 0:41:47]} 21. Kg2
{[%clk 0:39:19]} d5 {[%clk 0:26:52]} 22. exd5 {[%clk 0:37:17]} Ne7
{[%clk 0:27:16]} 23. Bxe5 {[%clk 0:31:33]} Nxd5 {[%clk 0:26:40]} 24. Rce1
{[%clk 0:28:00]} Qe6 {[%clk 0:16:09]} 25. Qd1 {[%clk 0:25:39]} Qc6
{[%clk 0:15:50]} 26. Qf3 {[%clk 0:25:27]} Re6 {[%clk 0:15:22]} 27. Rc1
{[%clk 0:15:43]} Qb5 {[%clk 0:15:04]} 28. Ba1 {[%clk 0:13:20]} Rg6
{[%clk 0:12:21]} 29. Rc4 {[%clk 0:11:28]} Rg5 {[%clk 0:11:02]} 30. Nh3
{[%clk 0:07:49]} Rg6 {[%clk 0:11:28]} 31. Rfc1 {[%clk 0:07:16]} Qd7
{[%clk 0:09:37]} 32. Rh4 {[%clk 0:07:11]} Qe7 {[%clk 0:04:26]} 33. Qxh5
{[%clk 0:05:34]} Rh6 {[%clk 0:04:49]} 34. Qxh6 {[%clk 0:02:57]} gxh6
{[%clk 0:04:12]} 35. Rg4+ {[%clk 0:03:22]} Kf8 {[%clk 0:04:40]} 36. Bg7+
{[%clk 0:03:43]} Ke8 {[%clk 0:04:58]} 37. Re4 {[%clk 0:04:07]} Rd6
{[%clk 0:05:22]} 38. Rxe7+ {[%clk 0:03:01]} Kxe7 {[%clk 0:05:48]} 39. Re1+
{[%clk 0:01:03]} Kd7 {[%clk 0:06:12]} 40. Bf8 {[%clk 0:30:40]} Rg6
{[%clk 0:34:42]} 41. Re5 {[%clk 0:30:25]} Kc6 {[%clk 0:35:05]} 42. Rxd5
{[%clk 0:26:30]} Kxd5 {[%clk 0:35:27]} 43. Nf4+ {[%clk 0:26:47]} Kd4
{[%clk 0:35:55]} 44. Nxg6 {[%clk 0:27:09]} fxg6 {[%clk 0:36:22]} 45. Bxh6
{[%clk 0:27:27]} Kxd3 {[%clk 0:36:49]} 46. Kf3 {[%clk 0:24:06]} b5
{[%clk 0:36:59]} 47. h4 {[%clk 0:23:53]} Bd4 {[%clk 0:37:15]} 48. g4
{[%clk 0:24:00]} Kc4 {[%clk 0:36:56]} 49. Ke4 {[%clk 0:22:05]} Bxf2
{[%clk 0:35:19]} 50. h5 {[%clk 0:22:06]} gxh5 {[%clk 0:35:41]} 51. gxh5
{[%clk 0:22:32]} Be1 {[%clk 0:36:07]} 52. Bf4 {[%clk 0:22:36]} a5
{[%clk 0:35:59]} 53. h6 {[%clk 0:22:24]} axb4 {[%clk 0:36:21]} 54. axb4
{[%clk 0:22:48]} Bxb4 {[%clk 0:36:46]} 55. h7 {[%clk 0:23:11]} 1-0

[Event "European Individual Chess Championship 2017"]
[Site "?"]
[Date "2017.06.09"]
[Round "10.33"]
[White "Maze, Sebastien"]
[Black "Danin, Alexandre"]
[Result "0-1"]
[BlackElo "2543"]
[WhiteElo "2619"]
[LiveChessVersion "1.4.8"]

1. e4 {[%clk 1:27:32]} e6 {[%clk 1:29:43]} 2. d4 {[%clk 1:27:48]} d5
{[%clk 1:30:08]} 3. Nc3 {[%clk 1:28:14]} Nf6 {[%clk 1:30:33]} 4. Bg5
{[%clk 1:28:39]} Be7 {[%clk 1:30:47]} 5. e5 {[%clk 1:29:04]} Nfd7
{[%clk 1:31:13]} 6. Bxe7 {[%clk 1:29:06]} Qxe7 {[%clk 1:31:37]} 7. f4
{[%clk 1:29:15]} O-O {[%clk 1:31:58]} 8. Nf3 {[%clk 1:29:38]} c5 {[%clk 1:32:21]}
9. Qd2 {[%clk 1:29:41]} Nc6 {[%clk 1:32:36]} 10. dxc5 {[%clk 1:29:55]} Nxc5
{[%clk 1:30:33]} 11. O-O-O {[%clk 1:27:31]} a6 {[%clk 1:30:59]} 12. Bd3
{[%clk 1:27:33]} b5 {[%clk 1:31:22]} 13. Ne2 {[%clk 1:27:47]} Nb4
{[%clk 1:06:55]} 14. Kb1 {[%clk 1:24:45]} Ncxd3 {[%clk 1:05:30]} 15. cxd3
{[%clk 1:25:13]} d4 {[%clk 1:05:55]} 16. Nexd4 {[%clk 1:22:11]} Bb7
{[%clk 1:06:11]} 17. f5 {[%clk 0:59:04]} exf5 {[%clk 0:51:13]} 18. a3
{[%clk 0:52:26]} Bxf3 {[%clk 0:47:44]} 19. gxf3 {[%clk 0:52:41]} Nd5
{[%clk 0:48:09]} 20. f4 {[%clk 0:45:47]} Qd7 {[%clk 0:45:09]} 21. Rhg1
{[%clk 0:44:35]} b4 {[%clk 0:34:38]} 22. axb4 {[%clk 0:40:58]} Rab8
{[%clk 0:13:31]} 23. b5 {[%clk 0:27:14]} g6 {[%clk 0:13:16]} 24. e6
{[%clk 0:12:36]} fxe6 {[%clk 0:12:44]} 25. Rde1 {[%clk 0:11:33]} Rb6
{[%clk 0:08:59]} 26. h4 {[%clk 0:10:35]} axb5 {[%clk 0:07:24]} 27. h5
{[%clk 0:10:45]} b4 {[%clk 0:06:51]} 28. hxg6 {[%clk 0:09:57]} h6
{[%clk 0:06:23]} 29. g7 {[%clk 0:04:03]} Rc8 {[%clk 0:05:48]} 30. Qh2
{[%clk 0:01:58]} Nc3+ {[%clk 0:05:11]} 31. bxc3 {[%clk 0:01:28]} bxc3+
{[%clk 0:05:21]} 32. Kc1 {[%clk 0:01:57]} Qxd4 {[%clk 0:04:51]} 0-1

[Event "European Individual Chess Championship 2017"]
[Site "?"]
[Date "2017.06.09"]
[Round "10.34"]
[White "Steinberg, Nitzan"]
[Black "Popov, Ivan"]
[Result "1/2-1/2"]
[BlackElo "2618"]
[WhiteElo "2532"]
[LiveChessVersion "1.4.8"]

1. e4 {[%clk 1:30:47]} c6 {[%clk 1:30:24]} 2. d4 {[%clk 1:30:46]} d5
{[%clk 1:30:47]} 3. e5 {[%clk 1:31:01]} Bf5 {[%clk 1:31:10]} 4. h4
{[%clk 1:31:26]} Qc7 {[%clk 1:26:27]} 5. Nc3 {[%clk 1:29:16]} h5 {[%clk 1:23:47]}
6. Be2 {[%clk 1:15:25]} e6 {[%clk 1:20:22]} 7. Be3 {[%clk 1:12:10]} Qb6
{[%clk 1:05:56]} 8. Na4 {[%clk 1:04:22]} Qa5+ {[%clk 1:05:22]} 9. c3
{[%clk 1:04:33]} Nd7 {[%clk 1:04:50]} 10. b4 {[%clk 1:03:57]} Qc7
{[%clk 1:04:30]} 11. a3 {[%clk 1:01:09]} Be4 {[%clk 0:45:15]} 12. f3
{[%clk 0:44:04]} Bg6 {[%clk 0:44:43]} 13. Nh3 {[%clk 0:41:24]} f6
{[%clk 0:44:52]} 14. Bd3 {[%clk 0:39:46]} Bf7 {[%clk 0:32:35]} 15. f4
{[%clk 0:31:12]} Nh6 {[%clk 0:32:31]} 16. Qe2 {[%clk 0:29:30]} Be7
{[%clk 0:23:51]} 17. g3 {[%clk 0:29:31]} f5 {[%clk 0:17:53]} 18. Nf2
{[%clk 0:18:23]} 1/2-1/2

[Event "European Individual Chess Championship 2017"]
[Site "?"]
[Date "2017.06.09"]
[Round "10.35"]
[White "Tomczak, Jacek"]
[Black "Sarana, Alexey"]
[Result "1/2-1/2"]
[BlackElo "2472"]
[WhiteElo "2615"]
[LiveChessVersion "1.4.8"]

1. e4 {[%clk 1:30:52]} c5 {[%clk 1:30:53]} 2. Nf3 {[%clk 1:31:01]} d6
{[%clk 1:31:12]} 3. d4 {[%clk 1:31:24]} cxd4 {[%clk 1:31:34]} 4. Nxd4
{[%clk 1:31:39]} Nf6 {[%clk 1:31:59]} 5. Nc3 {[%clk 1:31:57]} Nc6
{[%clk 1:32:21]} 6. f3 {[%clk 1:31:31]} e5 {[%clk 1:26:14]} 7. Nb3
{[%clk 1:31:23]} Be7 {[%clk 1:23:25]} 8. Be3 {[%clk 1:31:23]} Be6
{[%clk 1:22:05]} 9. Qd2 {[%clk 1:20:57]} d5 {[%clk 1:13:54]} 10. exd5
{[%clk 1:19:22]} Nxd5 {[%clk 1:14:20]} 11. Nxd5 {[%clk 1:17:43]} Qxd5
{[%clk 1:14:24]} 12. Qf2 {[%clk 1:17:53]} Rd8 {[%clk 0:58:55]} 13. Be2
{[%clk 0:46:36]} Nd4 {[%clk 0:55:50]} 14. Bxd4 {[%clk 0:32:40]} exd4
{[%clk 0:56:18]} 15. O-O {[%clk 0:33:03]} Qc6 {[%clk 0:43:52]} 1/2-1/2